<?xml version="1.0" encoding="UTF-8"?>
<record
    xmlns:xsi="http://www.w3.org/2001/XMLSchema-instance"
    xsi:schemaLocation="http://www.loc.gov/MARC21/slim http://www.loc.gov/standards/marcxml/schema/MARC21slim.xsd"
    xmlns="http://www.loc.gov/MARC21/slim">

  <leader>00463nam a22001217a 4500</leader>
  <controlfield tag="008">241216b        |||||||| |||| 00| 0 eng d</controlfield>
  <datafield tag="020" ind1=" " ind2=" ">
    <subfield code="a">9789993653509</subfield>
  </datafield>
  <datafield tag="100" ind1=" " ind2=" ">
    <subfield code="a">&#xF62;&#xF72;&#xF53;&#xF0B;&#xF46;&#xF7A;&#xF53;&#xF0B;&#xF60;&#xF7C;&#xF51;&#xF0B;&#xF5F;&#xF7A;&#xF62;&#xF0D;</subfield>
  </datafield>
  <datafield tag="245" ind1=" " ind2=" ">
    <subfield code="a">&#xF63;&#xFB7;&#xF7C;&#xF60;&#xF72;&#xF0B;&#xF46;&#xF7C;&#xF66;&#xF0B;&#xF60;&#xF56;&#xFB1;&#xF74;&#xF44;&#xF0B;&#xF60;&#xF55;&#xFB2;&#xF7C;&#xF0B;&#xF58;&#xF50;&#xF74;&#xF53;&#xF0B;&#xF60;&#xF47;&#xF58;&#xF0B;&#xF58;&#xF42;&#xF7C;&#xF53;&#xF0B;&#xF66;&#xFA8;&#xF7C;&#xF53;&#xF0B;&#xF58;&#xF50;&#xF60;&#xF72;&#xF0B;&#xF60;&#xF55;&#xFB2;&#xF7A;&#xF44;&#xF0B;&#xF56;&#xF0D;</subfield>
  </datafield>
  <datafield tag="260" ind1=" " ind2=" ">
    <subfield code="c">&#xF22;&#xF20;&#xF21;&#xF29;.</subfield>
  </datafield>
  <datafield tag="300" ind1=" " ind2=" ">
    <subfield code="a">p. 841; </subfield>
    <subfield code="c">23 Cm. </subfield>
  </datafield>
  <datafield tag="942" ind1=" " ind2=" ">
    <subfield code="2">ddc</subfield>
  </datafield>
  <datafield tag="999" ind1=" " ind2=" ">
    <subfield code="c">10118</subfield>
    <subfield code="d">10119</subfield>
  </datafield>
</record>
